[Event "Floripa Chess Open 2024"]
[Site "Florianopolis"]
[Date "2024.01.27"]
[Round "9.58"]
[White "Torres, Federico"]
[Black "Calcada, Henrique Galvan"]
[Result "1-0"]
[WhiteElo "2002"]
[BlackElo "1672"]
[PlyCount "37"]
[EventDate "2024.01.20"]
[EventRounds "10"]
[EventCountry "BRA"]

1. c3 d5 2. d3 Nf6 3. Nd2 g6 4. e4 dxe4 5. dxe4 c5 6. Ngf3 Nc6 7. g3 Bg7 8. Bg2
O-O 9. O-O Rb8 ({RR} 9... Qd3 10. Re1 Rd8 11. Bf1 Qd7 12. h3 Qc7 13. Qc2 b6 14.
a4 Nd7 15. Nc4 Nde5 16. Nfxe5 Nxe5 17. Nxe5 Bxe5 18. f4 Bg7 19. Be3 Bb7 20. Bg2
e5 21. f5 Rd7 22. Rf1 Rad8 23. fxg6 hxg6 24. Bg5 {Petrosian,T (2592)
-Mamedyarov,S (2754) ICC INT 2007 1-0 (77)}) ({RR} 9... h6 10. Qc2 Qc7 11. Re1
e5 12. Nf1 Be6 13. h3 Rad8 14. Be3 c4 15. g4 g5 16. Ng3 Rd3 17. Bf1 Rd7 18. Nf5
Bxf5 19. gxf5 b5 20. Rad1 g4 21. Rxd7 Qxd7 22. Rd1 Qe7 23. Nh2 gxh3 24. Be2 {
Szekeres,T (2130)-Kovacs,G (2042) Hungary 2011 1-0 (39)}) 10. a4 a6 $146 ({RR} 
10... b6 11. Qe2 Nd7 12. Rd1 Qc7 13. Nf1 Na5 14. Bf4 e5 15. Bg5 f6 16. Bc1 Bb7
17. b4 Nc6 18. a5 Rfd8 19. a6 Bc8 20. Ne3 Ne7 21. Qc4+ Kh8 22. Ba3 b5 23. Qf7
Nf8 24. Nd5 Nxd5 25. Qxc7 {Larino Nieto,D (2310)-Garrido Dominguez,J (2247)
Lorca 2004 1-0}) ({RR} 10... Qd3 11. Re1 Bg4 12. h3 Bxf3 13. Bxf3 Ne5 14. Be2
Qd7 15. Kg2 Rfd8 16. Qc2 Nd3 17. Bxd3 Qxd3 18. Qxd3 Rxd3 19. Nc4 b6 20. Bg5 h6
21. Bxf6 Bxf6 22. Red1 Rxd1 23. Rxd1 a6 24. a5 b5 25. Nb6 {Svetushkin,D (2481)
-Ardeleanu,A (2375) Bucharest 2001 1-0 (52)}) 11. Qc2 e5 12. Nc4 Nd7 13. Rd1 b5
14. axb5 axb5 15. Nd6 Qe7 16. Nxc8 Rfxc8 17. Ra6 Ra8 18. Rxa8 Rxa8 19. Qd3 1-0

[Event "Floripa Chess Open 2024"]
[Site "Florianopolis"]
[Date "2024.01.27"]
[Round "9.59"]
[White "Guerrero, Alvaro"]
[Black "Hessmann, Eduardo Franzoni"]
[Result "1-0"]
[WhiteElo "1999"]
[BlackElo "1665"]
[PlyCount "64"]
[EventDate "2024.01.20"]
[EventRounds "10"]
[EventCountry "BRA"]

1. Nf3 Nf6 2. g3 g6 3. Bg2 Bg7 4. d3 d6 5. e4 c5 ({RR} 5... e5 6. h3 h6 7. Be3
Be6 8. Nc3 c5 9. O-O Nc6 10. Qd2 Qd7 11. Kh2 Nh5 12. Ne1 f5 13. exf5 gxf5 14.
f4 exf4 15. gxf4 O-O 16. Bf3 Nf6 17. Rg1 b6 18. Rxg7+ Qxg7 19. Bxc6 Rac8 20.
Qg2 {Kozlowski,W (2352)-Zaninotto,F (2235) Koszalin 1999 1-0 (31)}) 6. Nbd2
$146 ({RR} 6. e5 dxe5 7. Nxe5 O-O 8. O-O Nbd7 9. Nf3 Nb6 10. a4 Nbd5 11. Re1
Nb4 12. Ne5 Nd7 13. Nc4 Nb6 14. Na5 N6d5 15. Nb3 Na6 16. Na3 e6 17. c3 Bd7 18.
Nc4 Qc7 19. h4 Rad8 20. Qe2 Bc8 {Shirazi,K (2333)-Srebrnic,V (2140) Bled SLO
2018 1/2-1/2 (74)}) ({RR} 6. e5 dxe5 7. Nxe5 O-O 8. O-O Nbd7 9. Nf3 Nb6 10. a4
Nbd5 11. Re1 Nb4 12. Ne5 Nd7 13. Nc4 Nb6 14. Na5 N6d5 15. Nb3 Na6 16. Na3 e6
17. c3 Bd7 18. Nc4 Qc7 19. h4 Rad8 20. Qe2 Bc8 {Shirazi,K (2333)-Srebrnic,V  
(2140) Bled SLO 2018 1/2-1/2 (74)}) 6... Nc6 7. c3 e5 8. a3 a5 9. a4 h6 10. Nc4
Be6 11. Qe2 O-O 12. O-O Qc7 13. Re1 Kh7 14. Nfd2 Ne8 15. Ne3 f5 16. exf5 gxf5
17. Nd5 Qf7 18. Nf4 Bd7 19. Bd5 Qf6 20. Nh5 Qg6 21. Nc4 Nf6 22. Nxf6+ Qxf6 23.
Nb6 Rad8 24. Nxd7 Rxd7 25. f4 Ne7 26. Bf3 Ng6 27. Bh5 Re7 28. Qf1 exf4 29. Bxf4
Nxf4 30. Qxf4 Re5 31. Re3 Rxe3 32. Qxe3 Qe5 1-0

[Event "Floripa Chess Open 2024"]
[Site "Florianopolis"]
[Date "2024.01.27"]
[Round "9.60"]
[White "Costa, Flavio Luis Cesar"]
[Black "De Souza, Joao Francisco Biz"]
[Result "1-0"]
[WhiteElo "1994"]
[BlackElo "1523"]
[PlyCount "55"]
[EventDate "2024.01.20"]
[EventRounds "10"]
[EventCountry "BRA"]

1. e4 e6 2. d4 d5 3. Nc3 Bb4 4. e5 c5 5. a3 Bxc3+ 6. bxc3 Qa5 7. Bd2 Qa4 8. Qg4
Kf8 9. Qd1 b6 10. Nf3 Ne7 11. Bd3 Ba6 12. O-O Nd7 13. Bxa6 Qxa6 14. a4 Qc4 $146
({RR} 14... h6 15. a5 bxa5 16. dxc5 Nc6 17. Nd4 Ndxe5 18. f4 Nd7 19. f5 e5 20.
f6 Nxf6 21. Rxf6 gxf6 22. Nf5 Ne7 23. Nd6 Rd8 24. c4 Rxd6 25. Rxa5 Qxc4 26.
cxd6 Nc6 27. Rxd5 Nd4 28. Ra5 Nc6 29. Rd5 {Berg,E (2606)-Maksimovic,B (2423)
Budva 2009 1/2-1/2}) 15. Qb1 Nc6 16. Qb2 h6 17. Be3 cxd4 18. cxd4 Na5 19. Bd2
Nc6 20. Ra3 Rc8 21. Rfa1 a5 22. Rc3 Qa6 23. Qa3+ Ke8 24. Rb1 Na7 25. Rcb3 g5
26. h3 Kd8 27. Nxg5 Ke8 28. Nf3 1-0

[Event "Floripa Chess Open 2024"]
[Site "Florianopolis"]
[Date "2024.01.27"]
[Round "9.61"]
[White "Ribeiro, Davison Soares"]
[Black "Zottis, Pietro"]
[Result "1-0"]
[WhiteElo "1989"]
[BlackElo "1418"]
[PlyCount "65"]
[EventDate "2024.01.20"]
[EventRounds "10"]
[EventCountry "BRA"]

1. Nf3 d5 2. g3 Nf6 3. Bg2 Bf5 4. O-O e6 5. d4 c6 6. Nh4 Bg6 7. Bg5 Be7 8. Nxg6
hxg6 9. c3 Nbd7 10. Nd2 O-O 11. Qb3 $146 ({RR} 11. Qc2 Rc8 12. Rac1 c5 13. dxc5
Bxc5 14. h3 Qc7 15. Kh2 Bb6 16. Qa4 Nh7 17. Be7 Rfe8 18. Ba3 Ne5 19. b3 Bc5 20.
f4 Bxa3 21. Qxa3 Nc6 22. e4 Nf6 23. e5 Nd7 24. c4 d4 25. Ne4 Rb8 {Lau,S (2100)
-Schalanda,N (2002) Blankenburg 2009 1-0}) 11... Nb6 12. a4 a5 13. Rad1 Rb8 14.
Bf4 Rc8 15. Bg5 Rb8 16. h3 Re8 17. g4 Nfd7 18. Bf4 Rc8 19. e4 Kh7 20. Bg3 Rh8
21. f4 Bh4 22. Bh2 Kg8 23. e5 c5 24. f5 Nf8 25. dxc5 Rxc5 26. Ne4 Rc4 27. Nd6
Qc7 28. fxg6 Nxg6 29. Rxf7 Qd8 30. Rdf1 Be7 31. Nxb7 Qc7 32. Nd6 Qd8 33. Qc2
1-0

[Event "Floripa Chess Open 2024"]
[Site "Florianopolis"]
[Date "2024.01.27"]
[Round "9.62"]
[White "Seccafim, Caic Dos Santos"]
[Black "Spagnollo, Pedro Henrique"]
[Result "1-0"]
[WhiteElo "1986"]
[BlackElo "1445"]
[PlyCount "77"]
[EventDate "2024.01.20"]
[EventRounds "10"]
[EventCountry "BRA"]

1. Nf3 Nf6 2. b3 e6 3. Bb2 d5 4. d4 Be7 5. e3 O-O 6. Bd3 b6 7. Nbd2 Bb7 8. O-O
Nbd7 9. c4 ({RR} 9. Qe2 Ne4 10. c4 Nxd2 11. Nxd2 a5 12. cxd5 exd5 13. Nf3 Re8
14. Rac1 Bd6 15. Qc2 g6 16. Ne5 Nf6 17. Bb5 Re6 18. Nc6 Bxh2+ 19. Kxh2 Ng4+ 20.
Kg3 Qg5 21. f4 Qh5 22. Ne5 Nxe3 23. Qxc7 g5 {Artemiev,V (2746)-Aronian,L (2758)
chess.com INT 2019 1-0}) 9... Ne4 10. Rc1 f5 ({RR} 10... Ndf6 11. Qe2 dxc4 12.
Nxc4 a6 13. Rfd1 h6 14. Nce5 Bd6 15. Nc6 Qe8 16. Nfe5 Bxe5 17. Nxe5 c5 18. f3
Nd6 19. dxc5 bxc5 20. Ba3 Qb8 21. Bxc5 Rc8 22. Bxd6 {1-0 (22) Maevsky,N (2277)
-Acikel,M (2222) chess.com INT 2023}) 11. Ne5 $146 ({RR} 11. Qe2 a6 12. Rfd1
Bd6 13. Ne5 Qe7 14. f3 Nxd2 15. Rxd2 Nxe5 16. dxe5 Bc5 17. cxd5 Bxd5 18. Rdc2
a5 19. Bd4 Bxd4 20. exd4 Ra7 21. Bc4 Rd8 22. Qe3 h6 23. a4 Bxc4 24. Rxc4 Qd7
25. h3 Kf8 {Gonzalez Rodriguez,J (2349)-Cifuentes Parada,R (2505) Campillos
2004 0-1 (44)}) 11... Nxe5 12. dxe5 Nxd2 13. Qxd2 dxc4 14. Rxc4 Bd5 15. Rc2 c5
16. Rd1 Qe8 17. Qe2 Rd8 18. Rcd2 Qf7 19. f3 g5 20. h3 h5 21. e4 fxe4 22. Bxe4
Bxe4 23. Qxe4 Rxd2 24. Rxd2 Rd8 25. Rxd8+ Bxd8 26. Bc1 Kg7 27. Kf2 Qd7 28. Ke1
Qd5 29. Qe3 c4 30. h4 cxb3 31. axb3 Be7 32. Bd2 a5 33. hxg5 Bb4 34. Qf4 Be7 35.
g6 Kxg6 36. Qh6+ Kf7 37. Qxh5+ Kg8 38. Qg6+ Kh8 39. Qh6+ 1-0

[Event "Floripa Chess Open 2024"]
[Site "Florianopolis"]
[Date "2024.01.27"]
[Round "9.64"]
[White "Silva, Gabryel Lunardi Car"]
[Black "Soares, Joao Carlos T. C."]
[Result "0-1"]
[WhiteElo "1790"]
[BlackElo "1983"]
[PlyCount "70"]
[EventDate "2024.01.20"]
[EventRounds "10"]
[EventCountry "BRA"]

1. e4 c5 2. Nf3 e6 3. d4 cxd4 4. Nxd4 a6 5. Nc3 Qc7 6. f4 d6 7. Bd3 Nf6 8. g4 (
{RR} 8. a4 Be7 9. g4 Nc6 10. Nb3 Nd7 11. g5 h6 12. Qh5 g6 13. Qh3 h5 14. Be3 b6
15. f5 Nde5 16. f6 Bf8 17. Qg2 h4 18. h3 Nb4 19. Rd1 Bd7 20. Qf2 Rb8 21. O-O
Nexd3 22. cxd3 e5 {Karjakin,S (2752)-Salinas Herrera,P (2514) chess.com INT
2020 1-0 (38)}) 8... h6 ({RR} 8... Nc6 9. Nxc6 Qxc6 10. g5 Nd7 11. Bd2 g6 12.
Qe2 Bg7 13. O-O-O Nc5 14. h4 b5 15. Kb1 O-O 16. h5 b4 17. hxg6 hxg6 18. Qh2 Re8
19. Nd5 exd5 20. f5 gxf5 21. exf5 Bxf5 22. Bxf5 Re5 23. Rdf1 {Mateus,A (2300)
-Torres,J (2311) Palmira COL 2022 1-0}) 9. Qf3 Nc6 10. Nde2 $146 ({RR} 10. Nb3
b5 11. a3 Bb7 12. Bd2 Be7 13. Rf1 Nd7 14. Qh3 O-O-O 15. O-O-O g5 16. f5 Bf6 17.
Na2 Be5 18. Kb1 Nc5 19. Qh5 Kb8 20. fxe6 fxe6 21. Rf7 Rd7 22. Rdf1 Rh7 23. Rf8+
Bc8 24. Nb4 Nxb4 {Johannessen,S-Aaron,M Varna 1962 1-0 (35)}) 10... Be7 11. Bd2
Bd7 12. O-O-O O-O-O 13. Rdg1 Kb8 14. h4 h5 15. gxh5 Nxh5 16. Ng3 Nxg3 17. Rxg3
Bf6 18. Ne2 Nd4 19. Nxd4 Bxd4 20. Qe2 Rc8 21. Kb1 Qb6 22. c3 Bf6 23. e5 dxe5
24. fxe5 Qc7 25. Re3 Bg5 26. Qf2 Bxe3 27. Bxe3 Bb5 28. Bxb5 axb5 29. Bd4 Qc4
30. Rd1 Qc7 31. Qg3 g6 32. Qf4 Rcd8 33. Re1 Rd7 34. Qf2 Qc4 35. Qf3 Rc8 0-1

[Event "Floripa Chess Open 2024"]
[Site "Florianopolis"]
[Date "2024.01.27"]
[Round "9.65"]
[White "Ferreira, Andrei Dias"]
[Black "Gomes, Adrian Felipe L"]
[Result "1-0"]
[WhiteElo "1977"]
[BlackElo "1416"]
[PlyCount "47"]
[EventDate "2024.01.20"]
[EventRounds "10"]
[EventCountry "BRA"]

1. e4 c5 2. Nf3 e6 3. d4 cxd4 4. Nxd4 Nc6 5. Nc3 Qc7 6. f4 d6 ({RR} 6... Nxd4
7. Qxd4 b6 8. Be3 Bb7 9. O-O-O Rc8 10. Kb1 Nf6 11. Qd3 a6 12. e5 Nd5 13. Nxd5
Bxd5 14. c4 Bxc4 15. Qxc4 Qxc4 16. Bxc4 Rxc4 17. Bxb6 Rc6 18. Ba5 Rc5 19. b4
Rc6 20. Rc1 Be7 21. a4 {Piorun,K (2681)-Harikrishna,P (2752) Monzon 2016 1-0  
(47)}) 7. Nxc6 bxc6 8. Bd3 ({RR} 8. Be2 Nf6 9. O-O d5 10. exd5 cxd5 11. Kh1 Be7
12. Be3 O-O 13. Bd4 Ne4 14. Bd3 f5 15. Qe1 Bf6 16. Nb5 Qb8 17. Qe3 a6 18. Bxe4
fxe4 19. Bxf6 Rxf6 20. Nd4 Bd7 21. b3 Qd6 22. Kg1 Raf8 {Federic,J (2209)
-Dovzik,J (2275) Slovakia SVK 2020 1/2-1/2 (44)}) 8... d5 9. Bd2 $146 ({RR} 9.
O-O Nf6 10. e5 Nd7 11. Na4 a5 12. Be3 c5 13. c4 d4 14. Be4 Ra6 15. Bd2 f5 16.
exf6 Nxf6 17. Bc2 Be7 18. b3 O-O 19. Qe2 Bd6 20. Rae1 Re8 21. Qf2 e5 22. fxe5
Rxe5 23. Rxe5 Bxe5 {Van den Doel,E (2440)-Hnydiuk,A (2280) Rimavska Sobota
1996 1-0 (38)}) 9... Nf6 10. O-O g6 11. Kh1 Bg7 12. e5 Nd7 13. Qe2 c5 14. b3
Bb7 15. Rae1 h5 16. h3 g5 17. fxg5 Bxe5 18. g6 O-O-O 19. Rxf7 Bg3 20. Ref1 Qe5
21. Ba6 Qxe2 22. Bxb7+ Kxb7 23. Nxe2 Be5 24. Bg5 1-0

[Event "Floripa Chess Open 2024"]
[Site "Florianopolis"]
[Date "2024.01.27"]
[Round "9.66"]
[White "Nunes, Leonardo De Souza"]
[Black "Colivet Gamboa, Julio Cesar"]
[Result "0-1"]
[WhiteElo "1800"]
[BlackElo "1976"]
[PlyCount "52"]
[EventDate "2024.01.20"]
[EventRounds "10"]
[EventCountry "BRA"]

1. e4 c5 2. Nf3 Nc6 3. d4 cxd4 4. Nxd4 g6 5. c4 Bg7 6. Be3 Qb6 7. Nb3 Qd8 8.
Nc3 Bxc3+ 9. bxc3 Nf6 10. Bd3 O-O 11. O-O ({RR} 11. Bh6 Re8 12. O-O d6 13. f4
Qc7 14. Nd4 Qb6 15. Rb1 Qc5 16. Rb5 Qa3 17. Qc2 a6 18. Rb3 Qc5 19. Qf2 Ng4 20.
Qh4 Nxd4 21. cxd4 Qxd4+ 22. Kh1 Ne3 23. Qf2 Qc5 24. f5 Nxf1 25. Qxf1 Qe5 {
Melaugh,S (2093)-Colivet Gamboa,J (1780) chess.com INT 2022 0-1 (60)}) 11... d6
12. h3 b6 13. f4 Ba6 $146 ({RR} 13... Bb7 14. a4 Rc8 15. Qe2 Qc7 16. Nd4 Na5
17. Nb5 Qb8 18. Bd4 Nb3 19. Rab1 Nc5 20. Bxf6 exf6 21. Bc2 Rfe8 22. Rfe1 Bxe4
23. Bxe4 Rxe4 24. Qd2 Rxc4 25. Nxd6 Rd8 26. Nxc4 Rxd2 27. Nxd2 Qxf4 28. Nf3 {
Nagare Kaivalya Sandip (2095)-Chigaev,M (2621) chess.com INT 2023 0-1 (57)})
14. Nd4 Na5 15. Qe2 Nd7 16. Nf3 Qc7 17. Ng5 Bxc4 18. Rad1 f6 19. Nxh7 Kxh7 20.
f5 Bxd3 21. fxg6+ Kg7 22. Rxd3 Rh8 23. Qg4 Ne5 24. Qe6 Qd7 25. Qxe5 fxe5 26.
Rf7+ Kxg6 0-1

[Event "Floripa Chess Open 2024"]
[Site "Florianopolis"]
[Date "2024.01.27"]
[Round "9.67"]
[White "Moreira, Iloyziel Joao Da Si"]
[Black "Gattass, Allan"]
[Result "0-1"]
[WhiteElo "1737"]
[BlackElo "2225"]
[PlyCount "38"]
[EventDate "2024.01.20"]
[EventRounds "10"]
[EventCountry "BRA"]

1. d4 Nf6 2. Bf4 d6 3. Nf3 g6 4. Nc3 ({RR} 4. c3 Nh5 5. Bg5 h6 6. Bh4 g5 7. Bg3
Bg7 8. e4 O-O 9. Bd3 e6 10. Ng1 Nxg3 11. hxg3 c5 12. dxc5 dxc5 13. Qe2 Qc7 14.
Nh3 Rd8 15. f4 Qd6 16. Bc4 Qe7 17. Nf2 Nc6 18. Nd2 Na5 {Harikrishna,P (2755)
-Vidit,S (2642) Gibraltar 2016 1-0 (33)}) 4... a6 5. Qd2 $146 ({RR} 5. e4 b5 6.
a3 Bb7 7. Bd3 Bg7 8. O-O O-O 9. Re1 Nbd7 10. Qd2 c5 11. dxc5 Nxc5 12. Rad1 Rc8
13. Bh6 Re8 14. Bxg7 Kxg7 15. h4 h5 16. Qf4 Ne6 17. Qd2 Qb6 18. e5 Ng4 19. exd6
Qxd6 {Nasir,Z (2057)-Zakhartsov,V (2552) chess.com INT 2023 1/2-1/2 (68)}) 5...
b5 6. a3 Bb7 7. Bh6 Bxh6 8. Qxh6 Nbd7 9. e3 c5 10. Ng5 Qa5 11. O-O-O b4 12.
axb4 cxb4 13. Nb1 Rc8 14. Qg7 Rf8 15. Nxh7 Nxh7 16. Qxh7 Nb6 17. h4 Qa2 18. Bd3
Na4 19. Kd2 Nxb2 0-1

[Event "Floripa Chess Open 2024"]
[Site "Florianopolis"]
[Date "2024.01.27"]
[Round "9.69"]
[White "Barbosa, Flavio Novais"]
[Black "Sega, Carlos Alberto"]
[Result "1/2-1/2"]
[WhiteElo "1827"]
[BlackElo "2193"]
[PlyCount "22"]
[EventDate "2024.01.20"]
[EventRounds "10"]
[EventCountry "BRA"]

1. d4 Nf6 2. Nf3 e6 3. Bf4 c5 4. c3 b6 5. e3 Bb7 6. Bd3 Be7 7. O-O O-O 8. h3
Nc6 9. Nbd2 cxd4 10. exd4 Rc8 ({RR} 10... d6 11. Bh2 g6 12. Qe2 Re8 13. Rfe1
Bf8 14. a4 Rc8 15. Nc4 d5 16. Nce5 Nxe5 17. Bxe5 a5 18. Bb5 Nd7 19. h4 Bc6 20.
Ba6 Ra8 21. h5 f6 22. Bh2 g5 23. g4 Bg7 24. b4 Nb8 25. Bd3 {Li,C (2720)
-Yudasin,L (2517) chess.com INT 2017 1-0 (45)}) 11. Qe2 Re8 $146 ({RR} 11... h6
12. Bh2 Re8 13. Rfe1 d6 14. Nc4 Ba6 15. Rad1 d5 16. Ncd2 Bxd3 17. Qxd3 Bd6 18.
Bxd6 Qxd6 19. Ne5 Nd7 20. f4 Ncxe5 21. fxe5 Qe7 22. Qg3 Kh7 23. Rf1 Rf8 24.
Rde1 Qg5 25. Qd3+ Qg6 26. Qxg6+ {Bossy,A (2170)-Zeldin,L (1905) Germany 2008 1/
2-1/2 (37)}) ({RR} 11... d6 12. Rfe1 Re8 13. Rad1 Rc7 14. Ne4 Nxe4 15. Bxe4 Na5
16. Bd3 Rc8 17. Bb5 Bxf3 18. Qxf3 Rf8 19. Ba6 Rc7 20. Bg3 Qd7 21. Qe2 Bf6 22.
Bb5 Qd8 23. f4 Bh4 24. Qf2 Bxg3 25. Qxg3 Qf6 26. Bd3 {Pischasov,A (2062)
-Nozdrachev,L (2324) St Petersburg RUS 2023 1/2-1/2 (60)}) ({RR} 11... d5 12.
Ne5 Nxe5 13. Bxe5 Bd6 14. Rfe1 Bxe5 15. Qxe5 Re8 16. Nf3 h6 17. Qe2 Ne4 18. Ne5
Qg5 19. a4 Qd8 20. Qh5 Qf6 21. Ng4 Qf4 22. Re3 f5 23. Bxe4 dxe4 24. Ne5 Re7 25.
Ng6 Qd6 26. Nxe7+ {Csernovics,G-Sari,T (2228) Hungary 2003 1/2-1/2 (39)})
1/2-1/2

[Event "Floripa Chess Open 2024"]
[Site "Florianopolis"]
[Date "2024.01.27"]
[Round "9.70"]
[White "Kaneda, Eric Kazuichi"]
[Black "Lima, Kleyton Alcantara"]
[Result "1-0"]
[WhiteElo "1803"]
[BlackElo "2119"]
[PlyCount "80"]
[EventDate "2024.01.20"]
[EventRounds "10"]
[EventCountry "BRA"]

1. d4 c5 2. e3 Nf6 3. c4 cxd4 4. exd4 d5 5. Nc3 Nc6 6. Nf3 g6 7. cxd5 Nxd5 8.
Bc4 Nxc3 9. bxc3 Bg7 10. O-O O-O 11. Bf4 Na5 12. Bd3 Be6 13. Re1 Rc8 14. Bd2
$146 ({RR} 14. Qd2 Bd5 15. Be4 Bxe4 16. Rxe4 Nc4 17. Qe2 e6 18. Nd2 Qd5 19. Nb3
Rc6 20. Re1 Rfc8 21. Nc5 e5 22. Bc1 Nd6 23. Rh4 exd4 24. cxd4 Nf5 25. Re4 Nxd4
26. Re8+ Bf8 27. Qe7 Rxe8 28. Qxe8 Qxc5 {Abhinessh,S (1756)-Kathmale,S (2255)
Hyderabad 2017 0-1 (31)}) 14... Bc4 15. Bc2 Bd5 16. Ne5 e6 17. Re3 Nc4 18. Nxc4
Bxc4 19. f4 Qd6 20. Rg3 Rfd8 21. a4 b6 22. Rb1 Ba2 23. Rc1 Bc4 24. h4 h5 25.
Bxg6 fxg6 26. Rxg6 Qd5 27. Rg5 Qe4 28. Qxh5 Be2 29. Re1 Bxh5 30. Rxe4 Bf7 31.
h5 Kh7 32. g4 Bf6 33. Rb5 Rg8 34. g5 Bxh5 35. Kf2 Bd8 36. Rxe6 Kg7 37. Rbe5 Bf7
38. Rh6 Bc7 39. Re1 Rh8 40. Rhh1 Bd6 1-0

[Event "Floripa Chess Open 2024"]
[Site "Florianopolis"]
[Date "2024.01.27"]
[Round "9.72"]
[White "Da Fonseca Pinto, Joao Gabriel Alves"]
[Black "Ferreira, Thales Bond Dias"]
[Result "0-1"]
[WhiteElo "1808"]
[BlackElo "2086"]
[PlyCount "146"]
[EventDate "2024.01.20"]
[EventRounds "10"]
[EventCountry "BRA"]

1. e4 e6 2. d4 d5 3. e5 c5 4. c3 Nc6 5. Nf3 Qb6 6. a3 c4 7. g3 Nge7 8. Bg2 Bd7
9. O-O Na5 10. Nbd2 Qc7 11. Rb1 Nc8 12. Ng5 ({RR} 12. Ne1 Nb6 13. f4 O-O-O 14.
Nc2 g6 15. Nf3 Kb8 16. Bd2 h5 17. Qe2 Bh6 18. Ng5 Rdf8 19. f5 Ba4 20. Nb4 gxf5
21. h4 Nc6 22. Nxc6+ Qxc6 23. Rbc1 Qc8 24. Bf4 Ka8 25. Bf3 Be8 26. Rce1 Rfg8 {
Motylev,A (2669)-Fodor,T (2475) Legnica 2013 1-0 (40)}) 12... h6 13. Nh3 Nb6
14. f4 $146 ({RR} 14. Nf4 Ba4 15. Qg4 Bc2 16. Ra1 g6 17. h4 h5 18. Qe2 Bf5 19.
Re1 Bh6 20. Nh3 O-O-O 21. f4 Rde8 22. Nf2 Bg7 23. Bh3 f6 24. Bxf5 gxf5 25. Nf3
Nb3 26. Rb1 Nd7 27. Be3 Reg8 28. Kh2 Nf8 {Fuentes,R (2205)-Anderson,M (1905)
San Francisco 2012 1-0 (49)}) 14... Ba4 15. Qf3 Bc2 16. Ra1 O-O-O 17. Nf2 Be7
18. Bh3 g6 19. Qe2 Ba4 20. Nf3 Rdg8 21. Kh1 Be8 22. Ng4 Kb8 23. Ne3 Nb3 24. Rb1
a6 25. Nd2 Ba4 26. Rg1 Qd8 27. Nxb3 Bxb3 28. Nf1 Qe8 29. Be3 Na4 30. Re1 Kc7
31. Bc1 b5 32. Ne3 Nb6 33. Bg2 h5 34. Bf3 Qd7 35. Bd2 Rb8 36. Rb1 Ra8 37. Kg2
Qd8 38. h3 Qf8 39. g4 hxg4 40. hxg4 Rh4 41. Rh1 Rxh1 42. Rxh1 Qg7 43. Qe1 Rh8
44. Rxh8 Qxh8 45. Qh1 Qxh1+ 46. Kxh1 Kd7 47. Kg2 Na4 48. Bc1 a5 49. Kf2 b4 50.
axb4 axb4 51. cxb4 Bxb4 52. Bd1 Bxd1 53. Nxd1 c3 54. bxc3 Nxc3 55. Nxc3 Bxc3
56. Be3 Kc6 57. Kg3 Be1+ 58. Kf3 Kb5 59. Ke2 Bg3 60. Kd3 Kb4 61. Bd2+ Kb3 62.
Be3 Be1 63. Ke2 Bb4 64. Kd3 Kb2 65. Bd2 Ba3 66. Be3 Kb1 67. Bd2 Kb2 68. Be3 Bb4
69. Bd2 Bxd2 70. Kxd2 Kb3 71. Kd3 Kb4 72. g5 Kb3 73. Kd2 Kc4 0-1

[Event "Floripa Chess Open 2024"]
[Site "Florianopolis"]
[Date "2024.01.27"]
[Round "9.73"]
[White "Branco, Joao Pedro Belaglov"]
[Black "Lima, Vinicius Taishun"]
[Result "0-1"]
[WhiteElo "1778"]
[BlackElo "2047"]
[PlyCount "58"]
[EventDate "2024.01.20"]
[EventRounds "10"]
[EventCountry "BRA"]

1. e4 c5 2. c3 Nf6 3. e5 Nd5 4. d4 cxd4 5. cxd4 d6 6. Nf3 e6 7. Nc3 Be7 8. Bd3
Bd7 ({RR} 8... Nc6 9. O-O O-O 10. Qc2 h6 11. Qe2 Nxc3 12. bxc3 d5 13. Bc2 f5
14. exf6 Rxf6 15. Qd3 Bd7 16. Qh7+ Kf7 17. Ne5+ Nxe5 18. dxe5 Rf5 19. Bxf5 exf5
20. Bxh6 Bf8 21. Be3 Rc8 22. e6+ Bxe6 23. Bd4 {Shkapenko,P (2424)-Bodnaruk,A 
(2392) chess.com INT 2022 1-0 (38)}) 9. Nxd5 exd5 10. O-O $146 ({RR} 10. Bf4
Be6 11. Qb3 dxe5 12. Qxb7 exf4 13. Qxa8 Qa5+ 14. Kf1 Qb6 15. a4 O-O 16. a5 Qxb2
17. Rb1 Qc3 18. Ke2 Bd6 19. Rhc1 Qa3 20. Ra1 Qb3 21. Rab1 Qa3 22. Rd1 Qxa5 23.
Ra1 Qc3 24. Rac1 Qa5 {Vujic,M (2361)-Aksoy,A (1707) Skopje 2013 1-0 (48)})
10... O-O 11. Qb3 Bc6 12. Bf4 dxe5 13. Nxe5 Bg5 14. Bxg5 Qxg5 15. f4 Qd8 16.
Qc2 h6 17. Rf3 Qb6 18. Qf2 Nd7 19. Rg3 Nf6 20. f5 Bb5 21. Bc2 Rac8 22. Rd1 Rc7
23. Bb1 Rfc8 24. Qe3 Kh7 25. Ng4 Nxg4 26. Rxg4 f6 27. Qf4 Be2 28. Re1 Bxg4 29.
Qxg4 Rc1 0-1

[Event "Floripa Chess Open 2024"]
[Site "Florianopolis"]
[Date "2024.01.27"]
[Round "9.74"]
[White "Calcada, Lucas Galvan"]
[Black "Cunha, Adriano De Jesus Si"]
[Result "1/2-1/2"]
[WhiteElo "1770"]
[BlackElo "2003"]
[PlyCount "163"]
[EventDate "2024.01.20"]
[EventRounds "10"]
[EventCountry "BRA"]

1. c4 Nf6 2. Nf3 c6 3. g3 d5 4. Bg2 e6 5. O-O Be7 6. d4 O-O 7. Qc2 Nbd7 8. Nbd2
b6 9. b3 Bb7 10. Bb2 Rc8 11. e4 dxe4 12. Nxe4 c5 13. Nxf6+ Bxf6 ({RR} 13...
Nxf6 14. Rad1 cxd4 15. Bxd4 Qc7 16. Ng5 h6 17. Bxf6 hxg5 18. Bxe7 Qxe7 19. Bxb7
Qxb7 20. Rd4 e5 21. Rd6 Rcd8 22. Rfd1 Qe7 23. Qd2 Rxd6 24. Qxd6 Re8 25. Qxe7
Rxe7 26. Rd8+ Kh7 27. Kf1 Kg6 28. Ke2 {Swiercz,D (2620)-Bruzon Batista,L (2659)
Berlin 2015 1/2-1/2 (49)}) 14. Rad1 ({RR} 14. Ng5 Bxg5 15. Bxb7 Rc7 16. Be4 f5
17. Bg2 cxd4 18. Bxd4 Bf6 19. Rad1 Bxd4 20. Rxd4 e5 21. Rd6 e4 22. Qd2 Qe7 23.
f3 Nf6 24. fxe4 fxe4 25. Bh3 e3 26. Qd4 e2 27. Re1 Ne4 28. Re6 Qb4 {Garcia,J 
(2411)-De Guzman,R (2344) Mactan City PHI 2021 1/2-1/2 (158)}) 14... Qc7 15.
dxc5 bxc5 $146 ({RR} 15... Nxc5 16. Bxf6 gxf6 17. Rd4 f5 18. Qd2 f6 19. Rd1 Ne4
20. Qh6 Rcd8 21. Qe3 e5 22. Rxd8 Rxd8 23. Rxd8+ Qxd8 24. Ne1 Qd1 25. Bf1 Qb1
26. a4 Bc8 27. Kg2 Nc5 28. Qd2 Kg7 29. Be2 {1/2-1/2 (29) Vojtko,M (2072)-Zrost,
R (1990) Slovakia 2013}) 16. Bc1 Bxf3 17. Bxf3 Bd4 18. b4 a6 19. Qa4 Ne5 20.
Bg2 Qb6 21. b5 axb5 22. cxb5 Rb8 23. Ba3 Qxb5 24. Qxb5 Rxb5 25. Rxd4 cxd4 26.
Bxf8 Kxf8 27. Rd1 Rb4 28. a3 Rc4 29. h3 Ke7 30. f4 Nd7 31. Bf1 Ra4 32. Bb5 Rxa3
33. Bxd7 Kxd7 34. Rxd4+ Ke7 35. Kg2 f6 36. Rb4 Ra7 37. Rb6 e5 38. fxe5 fxe5 39.
Kf3 Ra3+ 40. Kf2 h5 41. h4 Kf7 42. Rc6 Rd3 43. Ra6 Rd4 44. Kf3 Rg4 45. Rb6 Rg6
46. Rb7+ Kf6 47. Rb6+ Kf5 48. Rb7 Rg4 49. Re7 Kf6 50. Ra7 g6 51. Ra5 Rd4 52.
Ke3 Kf5 53. Ra6 Rb4 54. Rc6 Rb3+ 55. Kf2 Rb7 56. Rc4 Re7 57. Ke3 Re6 58. Rb4
Ra6 59. Rc4 Ra3+ 60. Kf2 Rd3 61. Ra4 Rd4 62. Ra6 Rb4 63. Ke3 Rb1 64. Kf2 g5 65.
hxg5 Kxg5 66. Re6 Kf5 67. Rh6 Rb2+ 68. Kf1 Kg4 69. Re6 Kf3 70. Ke1 e4 71. Re5
e3 72. Rf5+ Kg4 73. Re5 Rb1+ 74. Ke2 Rb2+ 75. Ke1 Kf3 76. Rf5+ Ke4 77. Rxh5 Rg2
78. Rh8 Rxg3 79. Re8+ Kd4 80. Rd8+ Ke4 81. Re8+ Kf3 82. Rf8+ 1/2-1/2